Countries With Geographical Qualifier In Their Name - Statistics

General Stats
  • This quiz has been taken 67 times
  • The average score is 7 of 8
Answer Stats
Hint Answer % Correct
ASIA North Korea
100%
ASIA South Korea
100%
EUROPE North Macedonia
97%
AFRICA South Sudan
95%
AFRICA South Africa
93%
ASIA Timor-Leste
87%
AFRICA Equatorial Guinea
83%
AFRICA Central African Republic
78%
No matching quizzes found
Score Distribution
Percent of People with Each Score
Percentile by Number Answered
Your Score History
You have not taken this quiz